Представление документа в формате MARC21

Поле Инд. ПП Название Значение
Тип записи a
Библиографический уровень a
001 Контрольный номер 35bf2af50c96480faa892558a1bbe299
005 Дата корректировки 20241212100235.6
020 a ISBN 978-5-7995-1373-3
041 0_ a Код языка текста rus
080 a Индекс УДК 691.58
097 b Оператор *Плё*
100 1_ a Автор Трофимов В.И.
245 10 a Заглавие К вопросу повышения эффективности технологии получения легкого заполнителя бетона
b Продолж. заглавия статья
p Название части/ раздела - Текст : электронный
260 a Место издания Тверь
b Издательство ТвГТУ
520 0_ a Аннотация Рассмотрен вопрос повышения эффективности технологии получения легкого заполнителя бетона – заменителя керамзитового гравия на основе использования местных ресурсов: торфа и сапропеля. Разработаны основные технологии по изготовлению гранул повышенного сцепления одной формы и размеров, включающие новые оригинальные операции: приготовление двухкомпонентной органоминеральной смеси и формование экструзией многоветьевого крученого жгута, что позволяет отказаться от двух операций, используемых в аналогах: окатывания на тарельчатых грануляторах и грохочения.
653 0_ a Ключевые слова Легкий заполнитель бетона
a Ключевые слова Торф
a Ключевые слова Сапропель
a Ключевые слова Керамзитовый гравий
a Ключевые слова Технология изготовления
700 12 a Другие авторы Смирнов М.А.
700 12 a Другие авторы Лакисов И.Е.
700 12 a Другие авторы [и др.]
773 18 w Контрольный № источника b5f2281a861a4b79b61d0f71db93efb4
t Название источника Инновации и моделирование в строительном материаловедении и строительстве
d Место и дата издания Тверь : ТвГТУ, 2024
g Прочая информация С. 114-121
900 a Имя макрообъекта 001-000164448-000000000-0000-0000-01
901 t Тип документа a
950 a Редактор записи ст
951 i EL-ТГТУ? да